| 000 | 01063nam a22003377a 4500 | ||
|---|---|---|---|
| 001 | BR8100631 | ||
| 003 | BR-BrBNA | ||
| 005 | 20230928090915.0 | ||
| 007 | ta | ||
| 008 | 230509b bl.||||| |||| 00| 0 por d | ||
| 040 |
_aBR-BrBNA _bpor _cBiblioteca Nacional de Agricultura |
||
| 041 | _a(Por) | ||
| 072 |
_aF00; H00 _b0930 _b0710 _b0960 _b/G514 |
||
| 090 | _ 0930 BR8100631 | ||
| 100 | 1 | _aSperry, S. | |
| 100 | 1 | _aBrum, A.R. | |
| 110 | 1 | _aUnidade de Execucao de Pesquisa de Ambito Estadual de Cascata, Pelotas, RS (Brasil) | |
| 245 | 1 | _aBibliografia brasileira figo, maca e morango [Ficus carica; Malus domestica; Fragaria spp.] | |
| 246 | 1 | _a[Brazilian bibliography, fig, apple and strawberry [Ficus carica; Malus domestica; Fragaria spp.]] | |
| 260 | 3 |
_aPelotas, RS (Brasil): _c1980. |
|
| 300 | _a174 p. | ||
| 650 | _aProducao vegetal | ||
| 650 | _aDefesa vegetal | ||
| 650 | _aFigo | ||
| 650 | _aMaca | ||
| 650 | _aMorango | ||
| 650 | _aPratica cultural | ||
| 650 | _aBibliografia | ||
| 909 |
_a202309 _bLucia _c55 _dLucia Elande |
||
| 942 | _cBK | ||
| 999 |
_c31203 _d31203 |
||